| 000 | 00440nam a22001577a 4500 | ||
|---|---|---|---|
| 020 | _a0070220700 | ||
| 082 |
_a720.0448 _bFAH _cL-01, P-100 |
||
| 100 |
_aKeith F. Faherty _947413 |
||
| 245 |
_aWood Engineering and Construction Handbook _cKeith F. Faherty |
||
| 250 | _aThird Edition | ||
| 260 |
_aUSA _bMcGraw Hill Inc |
||
| 300 | _aVarious Paging | ||
| 526 |
_a0 _b0 _c0 _d720_044800000000000_FAH |
||
| 650 |
_aMCE _9379 |
||
| 942 |
_2ddc _cBK |
||
| 999 |
_c550672 _d550672 |
||